Every WWE Backlash Main Eventer - Statistics

General Stats
  • This quiz has been taken 171 times
    149 since last reset
  • The average score is 14 of 19
Answer Stats
Year(s) Name No. Of Times % Correct
2000-2002, 2004-2006, 2008 Triple H 7
96%
2006-2009 John Cena 4
90%
2007-2008, 2017 Randy Orton 3
87%
2016 AJ Styles 1
86%
2018 Roman Reigns 1
85%
2006-2007, 2009 Edge 3
84%
2004, 2007 Shawn Michaels 2
83%
2001 Kane 1
82%
2016 Dean Ambrose 1
79%
1999-2000, 2003 The Rock 3
79%
2005 Batista 1
77%
1999, 2001 Steve Austin 2
70%
2004 Chris Benoit 1
68%
2001 The Undertaker 1
64%
2003 Goldberg 1
59%
2008 JBL 1
48%
2017 Jinder Mahal 1
48%
2018 Samoa Joe 1
48%
2002 Hollywood Hulk Hogan 1
46%
No matching quizzes found
Score Distribution
Percent of People with Each Score
Percentile by Number Answered
Your Score History
You have not taken this quiz since the last reset